Logo des gouvernements européens - Statistiques

Statistiques générales
  • Ce quiz a été pris 36 fois
  • Le résultat moyen est 7 sur 16
Statistiques - réponses
Par images Réponse % Correct
France
100%
Allemagne
93%
Italie
86%
Malte
72%
Royaume-Uni
66%
Slovénie
55%
Ukraine
45%
Serbie
38%
Bulgarie
21%
Lituanie
17%
Portugal
17%
Luxembourg
14%
Finlande
10%
Liechtenstein
10%
Macédoine du Nord
10%
Estonie
3%
Aucun quiz correspondant
Distribution des résultats
% des personnes avec chaque résultat
Percentile par nombre de réponses
Votre historique - résultats
Vous n’avez pas pris ce quiz